LEADER 00988nam a2200289 i 4500 001 991003435959707536 005 20021217151036.0 008 961025s1984 us a b 001 0 eng 020 $a0534029000 035 $ab11808500-39ule_inst 035 $aLE00300468$9ExL 040 $aDip.to Biologia$beng 082 0 $a580$222 100 1 $aJensen, William A.$064039 245 10$aBotany /$cWilliam A. Jensen, Frank B. Salisbury 250 $a2nd ed. 260 3 $aBelmont :$bWadsworth,$cc1984 300 $axv, 699 p. :$bill. ;$c26 cm 500 $aIncludes index 650 4$aBotany 700 1 $aSalisbury, Frank B.$eauthor$4http://id.loc.gov/vocabulary/relators/aut$064472 907 $a.b11808500$b18-12-06$c18-12-02 912 $a991003435959707536 945 $aLE003 580 JEN01.01 (1984)$g1$i2003000028393$lle003$o-$pE0.00$q-$rl$s- $t0$u0$v0$w0$x0$y.i12057307$z18-12-02 996 $aBotany$91454331 997 $aUNISALENTO 998 $ale003$b01-01-96$cm$da $e-$feng$gus $h0$i1